01408nam a2200289Ia 450000500170000000800410001702000150005810000510007324500620012425000190018630000290020549000240023450502580025865000390051665000420055565000330059765000370063074002580066794200150092526400290094033600270096933700330099633800280102904000350105708400110109299900150110320220317001248.0160825s1995 ck g 000 0 spa  a95807091731 aBarbey D´Aurevilly, Jules Amedéed1808-188913aEl más bello amor de Don JuancJules Barbey D'Aurevilly a1a. edición  a[202] páginas c19 cm  aBiblioteca distinta aLa pálida Ana -- La historia de dos mozos y cuatro mozas -- Lanseni y Maryama -- Polo y Khoahlakhubedu -- Masilo y thakané -- Hammat y Mandiaye -- La venganza de una mujer. Ensayos: Del Donjuanismo y otros desamores : (un ensayo con perfumes vanos)142LEMBaCuentos francesesySiglo XIX142LEMBaLiteratura francesa ySiglo XIX142LEMBaAmor en la literatura 142LEMBaVenganza en la literatura  aLa pálida Ana aLa historia de dos mozos y cuatro mozas aLanseni y Maryama aPolo y Khoahlakhubedu aMasilo y Thakané aHammat y Mandiaye aLa venganza de una mujer aDel Donjuanismo y otros desamores : (un ensayo con perfumenes vanos) aLos in{Dst 2loccBKLIT aMedellínbEdiluxc1995 atextobtxt2rdacontent asin mediaciónbn2rdamedia avolumenbnc2rdacarrier aCO-BoRNBPbspaerdacCO-BoRNBP aC BAR7 c6425d6425